zpět

Detail výsledku týmu

The Pub Praha 2 PO, Praha

Datum a čas kvízu

26.5 Celkem bodů Celkový počet nahraných bodů na tomto kvízu bez doplňovacích otázek.
4. Pořadí na kvízu Konečné umístění týmu na tomto kvízu.

Zaznamenané odpovědi

# Otázka Odpověď Body Výsledky
1. Minulý týden jsme se dozvěděli... v Havlíčkově Brodě 0
2. Někdo chodí do školy pěšky, ně... D) na praseti 1
3. V areálu pražského Výstaviště... Alanis Morissette, Rag'n'Bone Man 0.5
4. V pondělí začala stavba půlkil... C) v Plzeňském kraji 0
5. 25letá česká tenistka získala... Markéta Vondroušová 1
6. Začneme politikou. Republikáns... Agrární strana, agrárníci 1
7. V letech 1918–1928 bylo Českos... Užhorod 0
8. Na fotce vidíme jeden z rekons... Tatra, (Hans) Ledwinka 0
9. Zde vidíme portrét módní návrh... Hana Podolská 1
10. „Král komiků“ Vlasta Burian by... AC Sparta Praha, brankář 0